[Event "US op Denker 121st"]
[Site "Cherry Hill"]
[Date "2021.08.03"]
[Round "6"]
[White "Peng, Shunkai"]
[Black "Shlyakhtenko, Robert"]
[Result "1/2-1/2"]
[WhiteElo "2281"]
[BlackElo "2351"]
[PlyCount "54"]
[EventDate "2021.07.31"]
[EventType "swiss"]
[EventRounds "6"]
[EventCountry "USA"]
[SourceTitle "EXT 2022"]
[Source "ChessBase"]
[SourceDate "2021.10.06"]
[SourceVersion "1"]
[SourceVersionDate "2021.10.06"]
[SourceQuality "1"]

1. e4 e6 2. d4 d5 3. Nd2 Be7 4. Ngf3 Nf6 5. Bd3 c5 6. exd5 Nxd5 7. 0-0 0-0 8. dxc5 Nd7 9. Nb3 a5 10. a4 Nxc5 11. Nxc5 Bxc5 12. Qe2 Qc7 13. Re1 Bd7 14. Ne5 Bd6 15. Nxd7 Qxd7 16. Qe4 g6 17. Bh6 Rfd8 18. Rad1 Qc7 19. g3 Bf8 20. Bg5 Be7 21. Bh6 Bf8 22. Bg5 Be7 23. Bh6 Bf6 24. c3 Bg7 25. Bg5 Bf6 26. Bh6 Bg7 27. Bg5 Bf6 1/2-1/2

[Event "PNWCC Super G60 Jan Gp1"]
[Site "Chess.com INT"]
[Date "2021.01.16"]
[Round "3"]
[White "Woodward, Andy"]
[Black "Peng, Shunkai"]
[Result "1-0"]
[WhiteElo "1954"]
[BlackElo "2330"]
[PlyCount "55"]
[EventDate "2021.01.16"]
[EventType "swiss"]
[EventRounds "6"]
[EventCountry "USA"]
[SourceTitle "CBM 200 Extra"]
[Source "ChessBase"]
[SourceDate "2021.03.31"]
[SourceVersion "1"]
[SourceVersionDate "2021.03.31"]
[SourceQuality "1"]

1. d4 d5 2. c4 c6 3. Nf3 e6 4. Nbd2 f5 5. cxd5 cxd5 6. e3 Bd6 7. Bb5+ Bd7 8. Bxd7+ Qxd7 9. Ne5 Bxe5 10. dxe5 Qb5 11. a4 Qa6 12. b4 Nd7 13. Bb2 Rc8 14. b5 Qb6 15. 0-0 Nh6 16. Ba3 Nxe5 17. Rc1 Rxc1 18. Qxc1 Kd7 19. Qc3 Nhf7 20. Rc1 Ra8 21. Nb3 Ke8 22. Qb4 Ng6 23. a5 Qd8 24. b6 axb6 25. axb6 Nfe5 26. Rc7 Nc6 27. Qc5 Nge7 28. Nd4 1-0

[Event "Charlotte op"]
[Site "Charlotte"]
[Date "2020.01.04"]
[Round "7"]
[White "Peng, Shunkai"]
[Black "Escalante Ramirez, Brian Sebastian"]
[Result "0-1"]
[WhiteElo "2315"]
[BlackElo "2430"]
[PlyCount "42"]
[EventDate "2020.01.01"]
[EventType "swiss"]
[EventRounds "9"]
[EventCountry "USA"]
[SourceTitle "CBM 194 Extra"]
[Source "ChessBase"]
[SourceDate "2020.03.31"]
[SourceVersion "1"]
[SourceVersionDate "2020.03.31"]
[SourceQuality "1"]

1. e4 c5 2. Nf3 d6 3. d4 cxd4 4. Nxd4 Nf6 5. Nc3 g6 6. Be3 Bg7 7. f3 Nc6 8. Qd2 0-0 9. Bc4 Bd7 10. Bb3 Rc8 11. 0-0-0 Nxd4 12. Bxd4 b5 13. h4 a5 14. a4 bxa4 15. Nxa4 Bxa4 16. Bxa4 Rc4 17. Bxf6 Bxf6 18. b3 Qb6 19. Rdf1 Rd4 20. Qf2 Qb4 21. c4 Qc3+ 0-1

[Event "Charlotte op"]
[Site "Charlotte"]
[Date "2020.01.03"]
[Round "5"]
[White "Peng, Shunkai"]
[Black "Mulyar, Michael A"]
[Result "1/2-1/2"]
[WhiteElo "2315"]
[BlackElo "2380"]
[PlyCount "103"]
[EventDate "2020.01.01"]
[EventType "swiss"]
[EventRounds "9"]
[EventCountry "USA"]
[SourceTitle "CBM 194 Extra"]
[Source "ChessBase"]
[SourceDate "2020.03.31"]
[SourceVersion "1"]
[SourceVersionDate "2020.03.31"]
[SourceQuality "1"]

1. e4 e5 2. Nf3 Nc6 3. Bb5 a6 4. Ba4 Nf6 5. 0-0 b5 6. Bb3 Bc5 7. a4 Rb8 8. c3 d6 9. d4 Bb6 10. axb5 axb5 11. Na3 0-0 12. Nxb5 Bg4 13. Bc2 Bxf3 14. gxf3 Nh5 15. f4 Qh4 16. Qf3 Nxf4 17. Bxf4 exf4 18. Kh1 Ne7 19. b4 Ng6 20. Na7 Bxa7 21. Rxa7 c5 22. bxc5 dxc5 23. e5 cxd4 24. cxd4 Qd8 25. Rd1 Rb2 26. Bxg6 hxg6 27. Qxf4 Qd5+ 28. Kg1 Rfb8 29. e6 Qxe6 30. d5 Qf6 31. Qxf6 gxf6 32. Kg2 R8b7 33. Rxb7 Rxb7 34. d6 Rd7 35. Kf3 f5 36. Kf4 f6 37. h4 Kf7 38. h5 gxh5 39. Kxf5 h4 40. f4 h3 41. Rd2 h2 42. Rxh2 Rxd6 43. Rh7+ Kf8 44. Kg6 f5+ 45. Kg5 Ra6 46. Rc7 Rb6 47. Rc5 Ra6 48. Rxf5+ Kg7 49. Rb5 Rc6 50. Rb7+ Kf8 51. f5 Ra6 52. Rc7 1/2-1/2

[Event "US Barber K8 op 120th"]
[Site "Orlando"]
[Date "2019.08.05"]
[Round "4"]
[White "Peng, Shunkai"]
[Black "Shlyakhtenko, Robert"]
[Result "1-0"]
[WhiteElo "2330"]
[BlackElo "2196"]
[PlyCount "92"]
[EventDate "2019.08.03"]
[EventType "swiss"]
[EventRounds "6"]
[EventCountry "USA"]
[SourceTitle "EXT 2020"]
[Source "ChessBase"]
[SourceDate "2019.10.17"]
[SourceVersion "1"]
[SourceVersionDate "2019.10.17"]
[SourceQuality "1"]

1. e4 c5 2. Nf3 e6 3. d4 cxd4 4. Nxd4 a6 5. c4 Nf6 6. Nc3 Qc7 7. a3 b6 8. Be3 Bb7 9. f3 Be7 10. Be2 d6 11. 0-0 Nbd7 12. Rc1 0-0 13. b4 Rac8 14. Na4 Qb8 15. Nb3 Bd8 16. Kh1 Bc7 17. Bg1 Bc6 18. Nb2 Ne5 19. Nd3 Ng6 20. Nd4 Bd7 21. c5 e5 22. Nc2 Bb5 23. Ne3 dxc5 24. bxc5 Rfd8 25. Nf5 bxc5 26. a4 Bd7 27. Qc2 Ba5 28. Nxc5 Bxf5 29. exf5 Rd2 30. Qc4 Nf4 31. Be3 Rxe2 32. Bxf4 Qb2 33. Qxa6 Re8 34. Nd3 Qd4 35. Bg5 Bd2 36. Bxd2 Rxd2 37. Nc5 e4 38. Nb3 Qd6 39. Rc6 exf3 40. Rxd6 fxg2+ 41. Kg1 gxf1Q+ 42. Kxf1 Rb2 43. Qb5 Rc8 44. Qd3 Ne8 45. Rd8 Rxb3 46. Rxc8 Rxd3 1-0

[Event "US Barber K8 op 120th"]
[Site "Orlando"]
[Date "2019.08.04"]
[Round "2"]
[White "Levine, Joseph1"]
[Black "Peng, Shunkai"]
[Result "0-1"]
[WhiteElo "2001"]
[BlackElo "2330"]
[PlyCount "78"]
[EventDate "2019.08.03"]
[EventType "swiss"]
[EventRounds "6"]
[EventCountry "USA"]
[SourceTitle "EXT 2020"]
[Source "ChessBase"]
[SourceDate "2019.10.17"]
[SourceVersion "1"]
[SourceVersionDate "2019.10.17"]
[SourceQuality "1"]

1. e4 c5 2. Nf3 d6 3. d4 Nf6 4. Nc3 cxd4 5. Nxd4 a6 6. Bd3 e6 7. Be3 Nbd7 8. 0-0 Qc7 9. f4 b5 10. Qf3 Bb7 11. g4 h5 12. g5 Ng4 13. g6 Nc5 14. Ncxb5 axb5 15. Bxb5+ Kd8 16. gxf7 Qxf7 17. f5 exf5 18. Bg5+ Be7 19. Qf4 Nxe4 20. Bxe7+ Qxe7 21. Qxf5 Ne3 22. Ne6+ Kc8 23. Qf7 Ng5 24. Bd7+ Qxd7 25. Qf8+ Qe8 26. Qxe8+ Rxe8 27. Nxg5 Nxf1 28. Rxf1 Rxa2 29. Nf7 Kc7 30. h4 Re2 31. Ng5 Rg2+ 32. Kh1 Rxg5+ 33. Kh2 Rg2+ 34. Kh1 Rxc2+ 35. Kg1 Rg2+ 36. Kh1 Rgxb2+ 37. Kg1 Rg2+ 38. Kh1 Rh2+ 39. Kg1 Rag2# 0-1

[Event "Pan American-ch U18"]
[Site "Guayaquil"]
[Date "2019.07.24"]
[Round "5"]
[White "Peng, Shunkai"]
[Black "Avila Pavas, Santiago"]
[Result "0-1"]
[WhiteElo "2300"]
[BlackElo "2411"]
[PlyCount "60"]
[EventDate "2019.07.21"]
[EventType "swiss"]
[EventRounds "9"]
[EventCountry "ECU"]
[SourceTitle "EXT 2020"]
[Source "ChessBase"]
[SourceDate "2019.10.17"]
[SourceVersion "1"]
[SourceVersionDate "2019.10.17"]
[SourceQuality "1"]

1. e4 c5 2. Nf3 g6 3. c3 d5 4. exd5 Qxd5 5. d4 Bg7 6. Na3 cxd4 7. Nb5 Na6 8. Nfxd4 Nf6 9. h3 0-0 10. Be2 e5 11. Nc2 Qxd1+ 12. Bxd1 Bd7 13. Be2 Bc6 14. 0-0 Nd5 15. Rd1 Rfd8 16. Bg5 f6 17. Bd2 Nac7 18. a4 Ne6 19. a5 a6 20. Nba3 Nc5 21. Bc4 Kh8 22. Ba2 Nd3 23. b4 N5f4 24. Ne3 Bh6 25. Nac4 Rac8 26. Bb3 Be4 27. Ra4 Rc7 28. Be1 Rdc8 29. Bd2 Bd5 30. Kf1 Bc6 0-1

[Event "Paracin Summer op-A 12th"]
[Site "Paracin"]
[Date "2019.07.10"]
[Round "7"]
[White "Peng, Shunkai"]
[Black "Spirliadis, Achileas"]
[Result "1-0"]
[WhiteElo "2300"]
[BlackElo "2151"]
[PlyCount "88"]
[EventDate "2019.07.05"]
[EventType "swiss"]
[EventRounds "9"]
[EventCountry "SRB"]
[SourceTitle "EXT 2020"]
[Source "ChessBase"]
[SourceDate "2019.10.17"]
[SourceVersion "1"]
[SourceVersionDate "2019.10.17"]
[SourceQuality "1"]

1. e4 e5 2. Nf3 Nc6 3. Bb5 a6 4. Ba4 g6 5. c3 Bg7 6. d4 exd4 7. cxd4 b5 8. Bb3 Nge7 9. a4 Bb7 10. Nc3 b4 11. Nd5 h6 12. a5 Nxa5 13. Rxa5 c6 14. Ra4 cxd5 15. Rxb4 Bc6 16. exd5 Nxd5 17. Qe2+ Qe7 18. Qxe7+ Kxe7 19. Rc4 Rhb8 20. Ba4 Bb5 21. Bxb5 axb5 22. Rc5 Kd6 23. 0-0 Ra4 24. Rd1 g5 25. Be3 f5 26. g3 Rc4 27. b3 Rc3 28. Rxc3 Nxc3 29. Ra1 Rc8 30. Kf1 Ne4 31. Ra5 Rc3 32. b4 f4 33. gxf4 gxf4 34. Bxf4+ Kd5 35. Kg2 Kc4 36. Ra7 Kxb4 37. Rxd7 Bf6 38. Nd2 Ng5 39. Bd6+ Ka5 40. Bc5 b4 41. Ra7+ Kb5 42. Rb7+ Kc6 43. Rb6+ Kc7 44. Rxf6 Rc2 1-0

[Event "Nis op"]
[Site "Nis"]
[Date "2019.07.02"]
[Round "7"]
[White "Nie, Xinyang"]
[Black "Peng, Shunkai"]
[Result "1/2-1/2"]
[WhiteElo "2375"]
[BlackElo "2244"]
[PlyCount "145"]
[EventDate "2019.06.25"]
[EventType "swiss"]
[EventRounds "9"]
[EventCountry "SRB"]
[SourceTitle "CBM 191 Extra"]
[Source "ChessBase"]
[SourceDate "2019.09.30"]
[SourceVersion "1"]
[SourceVersionDate "2019.09.30"]
[SourceQuality "1"]

1. e4 c5 2. b3 d6 3. Bb2 Nf6 4. Nc3 g6 5. Nd5 Bg7 6. Nxf6+ exf6 7. Bc4 0-0 8. Ne2 Re8 9. d3 f5 10. Bxg7 Kxg7 11. Bd5 Nd7 12. exf5 Qg5 13. Be4 gxf5 14. f4 Qh4+ 15. g3 Qg4 16. Bg2 Nf6 17. Kd2 Rb8 18. Nc3 Bd7 19. Nd5 Qg6 20. Nxf6 Qxf6 21. Qh5 h6 22. Rae1 b5 23. Qd1 Rbc8 24. Qa1 c4 25. Qxf6+ Kxf6 26. dxc4 bxc4 27. Rxe8 Bxe8 28. c3 a5 29. Rb1 Bd7 30. b4 axb4 31. Rxb4 Rc5 32. Bf1 d5 33. Rb7 Ke7 34. Ra7 Rb5 35. Kc1 Kd6 36. Be2 Rb8 37. Bh5 f6 38. Ra6+ Kc5 39. Bd1 Bc6 40. Bc2 Kb5 41. Ra7 Bb7 42. Bxf5 Kb6 43. Ra4 Re8 44. Rb4+ Kc7 45. Kd2 Bc6 46. Bc2 Kd6 47. Rb1 Kc5 48. Re1 Ra8 49. a4 d4 50. cxd4+ Kxd4 51. Re6 Bxa4 52. Rd6+ Kc5 53. Rxf6 Bxc2 54. Kxc2 Ra2+ 55. Kc3 Rxh2 56. Rf5+ Kd6 57. Kxc4 Ke6 58. Rf8 Rg2 59. Rg8 Kf7 60. Rg4 Rd2 61. Kc3 Rd8 62. Rh4 Kg6 63. Rh2 h5 64. Rd2 Rc8+ 65. Kd4 Kf5 66. Ke3 Kg4 67. Rd5 Rc3+ 68. Ke4 Rxg3 69. Rg5+ Kh4 70. Kf5 Rg4 71. Ke4 Rxg5 72. fxg5 Kxg5 73. Kf3 1/2-1/2

[Event "Nis op"]
[Site "Nis"]
[Date "2019.07.01"]
[Round "6"]
[White "Peng, Shunkai"]
[Black "Djordjevic, Vuk D"]
[Result "1-0"]
[WhiteElo "2244"]
[BlackElo "2412"]
[PlyCount "77"]
[EventDate "2019.06.25"]
[EventType "swiss"]
[EventRounds "9"]
[EventCountry "SRB"]
[SourceTitle "EXT 2020"]
[Source "ChessBase"]
[SourceDate "2019.10.17"]
[SourceVersion "1"]
[SourceVersionDate "2019.10.17"]
[SourceQuality "1"]

1. d4 Nf6 2. c4 e6 3. Nc3 d5 4. Nf3 Bb4 5. Qc2 0-0 6. Bg5 c6 7. e3 Nbd7 8. Bd3 h6 9. Bf4 dxc4 10. Bxc4 Nd5 11. Bg3 b5 12. Bd3 a5 13. a3 Bxc3+ 14. bxc3 f5 15. 0-0 Ba6 16. Rab1 Qf6 17. c4 bxc4 18. Bxc4 Bxc4 19. Qxc4 Rfc8 20. Rb7 Qf7 21. Rfb1 Rd8 22. Qxc6 Rac8 23. Qa6 Qe8 24. Qxa5 Ra8 25. Qd2 Rxa3 26. Bd6 Ra6 27. Be5 Nxe5 28. Nxe5 Rda8 29. h4 Qh5 30. Rb8+ Rxb8 31. Rxb8+ Kh7 32. Qc1 Nf6 33. g3 Ng4 34. Nd7 g5 35. f3 Ra7 36. fxg4 Qf7 37. Nf8+ Kg7 38. d5 Qf6 39. Nxe6+ 1-0